<?xml version="1.0" encoding="UTF-8"?>
<record
    xmlns:xsi="http://www.w3.org/2001/XMLSchema-instance"
    xsi:schemaLocation="http://www.loc.gov/MARC21/slim http://www.loc.gov/standards/marcxml/schema/MARC21slim.xsd"
    xmlns="http://www.loc.gov/MARC21/slim">

  <leader>01340naa a2200253 i 4500</leader>
  <controlfield tag="001">3678</controlfield>
  <controlfield tag="003">KOSZ 005</controlfield>
  <controlfield tag="005">20180403092424.0</controlfield>
  <controlfield tag="008">151211s2003    pl     f     |100 0 pol</controlfield>
  <datafield tag="040" ind1=" " ind2=" ">
    <subfield code="c">KOSZ 005</subfield>
    <subfield code="a">KOSZ 005</subfield>
    <subfield code="d">KOSZ 005/HR </subfield>
  </datafield>
  <datafield tag="080" ind1=" " ind2=" ">
    <subfield code="a">621.3.037</subfield>
  </datafield>
  <datafield tag="080" ind1=" " ind2=" ">
    <subfield code="a">512.64</subfield>
  </datafield>
  <datafield tag="100" ind1=" " ind2=" ">
    <subfield code="a">JAK&#xD3;BCZAK, Dariusz.</subfield>
    <subfield code="d">1998 - .</subfield>
    <subfield code="b">Politechnika Koszali&#x144;ska - Wydzia&#x142; Elektroniki i Informatyki,</subfield>
    <subfield code="c">Katedra Telekomunikacji</subfield>
  </datafield>
  <datafield tag="245" ind1="1" ind2="0">
    <subfield code="a">O zastosowaniu rodziny macierzy Hurwitza-Radona w systemach przetwarzania sygna&#x142;&#xF3;w /</subfield>
    <subfield code="c">Dariusz Jak&#xF3;bczak, Wies&#x142;aw Sie&#x144;ko.</subfield>
  </datafield>
  <datafield tag="500" ind1=" " ind2=" ">
    <subfield code="a">Dane z autopsji.</subfield>
  </datafield>
  <datafield tag="520" ind1=" " ind2=" ">
    <subfield code="a">W pracy pokazano kilka wybranych w&#x142;asno&#x15B;ci rodziny macierzy Hurwitza-Radona i zlustrowano mo&#x17C;liwe zastosowania takich macierzy w systemach przetwarzania sygna&#x142;&#xF3;w.</subfield>
  </datafield>
  <datafield tag="650" ind1=" " ind2="0">
    <subfield code="a">Macierze.</subfield>
  </datafield>
  <datafield tag="650" ind1=" " ind2="0">
    <subfield code="a">Sieci neuronowe.</subfield>
  </datafield>
  <datafield tag="655" ind1=" " ind2="0">
    <subfield code="a">Materia&#x142;y konferencyjne.</subfield>
  </datafield>
  <datafield tag="700" ind1="1" ind2=" ">
    <subfield code="a">SIENKO, Wies&#x142;aw.</subfield>
    <subfield code="d">1993 - 2003.</subfield>
    <subfield code="b">Politechnika Koszali&#x144;ska - Wydzia&#x142; Elektroniki,</subfield>
    <subfield code="c">Katedra Telekomunikacji</subfield>
  </datafield>
  <datafield tag="711" ind1="2" ind2="2">
    <subfield code="a">Krajowa Konferencja Elektroniki</subfield>
    <subfield code="n">(2 ;</subfield>
    <subfield code="d">2003 ;</subfield>
    <subfield code="c">Ko&#x142;obrzeg, Polska).</subfield>
  </datafield>
  <datafield tag="773" ind1="0" ind2=" ">
    <subfield code="i">W :</subfield>
    <subfield code="t">II Krajowa Konferencja Elektroniki KKE'2003, Ko&#x142;obrzeg 9-12.06.2003 : materia&#x142;y konferencji. -</subfield>
    <subfield code="d">Koszalin : Wydzia&#x142; Elektroniki Politechniki Koszali&#x144;skiej, 2003. -</subfield>
    <subfield code="g">T. 2/2, s. 683-687</subfield>
  </datafield>
  <datafield tag="942" ind1=" " ind2=" ">
    <subfield code="c">ART</subfield>
    <subfield code="2">UKD</subfield>
  </datafield>
  <datafield tag="999" ind1=" " ind2=" ">
    <subfield code="c">3678</subfield>
    <subfield code="d">3678</subfield>
  </datafield>
  <datafield tag="952" ind1=" " ind2=" ">
    <subfield code="0">0</subfield>
    <subfield code="1">0</subfield>
    <subfield code="4">0</subfield>
    <subfield code="7">0</subfield>
    <subfield code="a">BPK</subfield>
    <subfield code="b">BPK</subfield>
    <subfield code="o">67789</subfield>
    <subfield code="y">ART</subfield>
  </datafield>
</record>
